| 000 | 01490nam a2200337 c 4500 | ||
|---|---|---|---|
| 003 | BLK | ||
| 005 | 20220117165327.0 | ||
| 008 | 180412b bul|||||r ||||||| ||bul|| | ||
| 010 | _aKNG00002045000 | ||
| 040 | _aBLK | ||
| 041 |
_aBUL _cBUL |
||
| 080 |
_aВъзпитание на душевно болни. Аутизъм(пед. аспекти) - Недоразвити, умствено изостанали, идиоти, психопати и др. _b376.4 _x _z376.4 |
||
| 080 |
_aБавноразвиващи се и ненормални деца _b159.922.76 _x _z159.922.76 |
||
| 100 | 1 |
_aАндреев, Яни Андреев _eпърви автор _9241801 |
|
| 139 |
_aАндреев, Яни Андреев _bА 66 |
||
| 245 | 1 | 0 |
_aОлигофренопсихология _bМоногр. _cЯни Андреев Андреев. |
| 257 | _aBGR | ||
| 260 |
_аСофия _bИзд. авт. _c1994 |
||
| 300 |
_a128 с. _c20 см |
||
| 380 | _a61 | ||
| 650 | 4 |
_aДеца, бавноразвиващи се - психология и обучение _9243843 |
|
| 650 | 4 |
_aОлигофренопедагогика - психологични проблеми _9243844 |
|
| 653 | _aолигофренопедагогика | ||
| 653 | _aбавноразвиващи се деца | ||
| 653 | _aпсихологическа помощ | ||
| 852 | _aЦб 178463 | ||
| 856 | 4 |
_qpdf _u |
|
| 856 | 4 |
_qpdf _u |
|
| 942 |
_cKNG _n0 _01 |
||
| 944 |
_aCR _c15.01.2003 _kВиолета_Тройчева |
||
| 944 |
_aED _c28.01.2012 _k |
||
| 999 |
_c1238 _d1238 |
||